| 000 | 02819nam a2200301 4500 | ||
|---|---|---|---|
| 001 | 286 | ||
| 003 | OSt | ||
| 005 | 20250528074017.0 | ||
| 008 | 250317b |||||||j |||| 00| 1 eng d | ||
| 020 | _a9786555983210 | ||
| 040 | _bpor | ||
| 041 |
_heng _apor |
||
| 082 |
_aI 028.5 _bK79b |
||
| 100 | 1 |
_aKohara, Kazuno. _9533 |
|
| 240 | _aThe Midnight Library | ||
| 245 |
_aBiblioteca dos Sonhos / _cKohara, Kazuno ; Tradução de Bruno Dorigatti |
||
| 260 |
_aRio de Janeiro _bDarkSide _c2023 |
||
| 300 |
_a32 p. _bil. |
||
| 520 | _aUma viagem pelo mundo mágico dos livros e bibliotecas Era uma vez uma biblioteca que abria apenas à meia-noite... Assim começa a jornada lúdica e fantástica de Biblioteca dos Sonhos. Quando estamos na cama, prontos para dormir, esta curiosa biblioteca abre suas portas para todos os animais noturnos. Lá dentro, a pequena bibliotecária e as suas três corujas assistentes orientam todos os animais que vêm de toda a parte da cidade a encontrar o seu livro perfeito. A biblioteca está sempre repleta de personagens. Até que, em uma noite, uma banda de esquilos começa a fazer uma enorme barulheira com seus instrumentos... Contando com a ajuda de todos os personagens presentes, a bibliotecária tenta colocar ordem na bagunça! Biblioteca dos Sonhos, da premiada autora Kazuno Kohara — autora de O Pequeno Bruxo, outro lançamento da Caveirinha, o selo infantil da DarkSide ® Books, e já publicada no Brasil pela finada e consagrada Cosac Naify — é uma história de enorme beleza e empatia, uma celebração mágica da literatura e do universo fantástico das bibliotecas. Uma obra capaz de propagar o amor pelos livros para uma nova geração de pequenos leitores Em suas obras, a autora utiliza a técnica da linogravura, semelhante à conhecida técnica da xilogravura, e deixa transbordar delicadeza. Kazuno possui o equilíbrio e o ritmo preciso para encantar a todos que se aproximam de suas obras. Biblioteca dos Sonhos integra a marca Caveirinha, que traz histórias e fábulas cheias de imaginação: os pequenos leitores já viveram aventuras extraordinárias em Jumanji e Zathura, aprenderam a encarar a vida com coragem em A Vida Não me Assusta — clássico poema de Maya Angelou, ilustrado com as pinturas de Basquiat — e mergulharam no imaginário de um dos mestres do terror com O Fantástico Alfabeto Lovecraft. O livro chega em uma edição caprichada, com capa dura e todo o carinho da editora mãe. Construa desde já a biblioteca perfeita para os pequenos sonhadores do nosso futuro. | ||
| 650 | 0 |
_aLiteratura Japonesa _9534 |
|
| 650 | 0 |
_aInfantil _9535 |
|
| 650 | 0 |
_aAventura _947 |
|
| 650 | 0 |
_aFantasia _945 |
|
| 650 | 0 |
_aAnimais _959 |
|
| 655 | 0 |
_aFicção _922 |
|
| 700 |
_aBruno Dorigatti _eTradução _9536 |
||
| 942 |
_2ddc _n0 _cBK |
||
| 999 |
_c286 _d286 |
||